000 00385nam a22001937a 4500
003 UA-OsUOA
001 4392
007 ta
008 20050721b un ||||| |||| 00| 0 ukr d
100 _aGlenn
700 _aM.
700 _aLeavitt S.
700 _aHelen
942 _cBK
040 _aUA-OsUOA
_cUA-OsUOA
_dUA-OsUOA
245 _aBlending voices.
955 _a2
650 7 _2UDC
999 _c290554
_d290554